[Event "CYCC U18"]
[Site "Kapuskasing CAN"]
[Date "2004.07.07"]
[Round "3"]
[White "Morrison, Alex"]
[Black "Henry, Liam"]
[Result "0-1"]
[WhiteElo "1366"]
[BlackElo "2151"]
[PlyCount "96"]
[GameId "2160767911096047"]
[EventDate "2004.07.06"]
[EventType "tourn"]
[EventRounds "6"]
[EventCountry "CAN"]
[SourceTitle "EXT 2006"]
[Source "ChessBase"]
[SourceDate "2005.11.24"]
[SourceVersion "1"]
[SourceVersionDate "2005.11.24"]
[SourceQuality "1"]

1. e4 c5 2. Bc4 e6 3. Nf3 d5 4. Bb5+ Nc6 5. e5 a6 6. Bxc6+ bxc6 7. b3 Ne7 8. Ba3 Nf5 9. d4 Qb6 10. Nc3 Qa5 11. Bb2 cxd4 12. Nxd4 Bb4 13. Nxf5 Bxc3+ 14. Bxc3 Qxc3+ 15. Qd2 Qxa1+ 16. Ke2 Qxe5+ 17. Ne3 d4 18. Rd1 O-O 19. Kf1 dxe3 20. fxe3 Qxh2 21. Qd8 Bb7 22. Qg5 c5 23. b4 Qh1+ 24. Ke2 Qxg2+ 25. Qxg2 Bxg2 26. bxc5 Bh3 27. Rd6 Rfc8 28. c6 Bg2 29. c7 Rxc7 30. Kd2 Kf8 31. a4 Ke7 32. Rd4 Rd8 33. c3 e5 34. Rxd8 Kxd8 35. Kd3 Kd7 36. c4 Kd6 37. Kc3 Kc5 38. Kb3 Rb7+ 39. Kc3 Be4 40. a5 Rb4 41. Kd2 Kxc4 42. Ke2 Rb2+ 43. Kd1 Bg6 44. Ke1 Kd3 45. Kf1 Kxe3 46. Kg1 Kf3 47. Kh1 Kg3 48. Kg1 Rb1# 0-1

[Event "CYCC U18"]
[Site "Kapuskasing CAN"]
[Date "2004.07.07"]
[Round "4"]
[White "Henry, Liam"]
[Black "Barber, Glen"]
[Result "1-0"]
[WhiteElo "2151"]
[BlackElo "2021"]
[PlyCount "45"]
[GameId "2160767911096048"]
[EventDate "2004.07.06"]
[EventType "tourn"]
[EventRounds "6"]
[EventCountry "CAN"]
[SourceTitle "EXT 2006"]
[Source "ChessBase"]
[SourceDate "2005.11.24"]
[SourceVersion "1"]
[SourceVersionDate "2005.11.24"]
[SourceQuality "1"]

1. e4 c5 2. Nf3 d6 3. d4 cxd4 4. Nxd4 Nf6 5. Nc3 Nc6 6. Bc4 e6 7. Bb3 a6 8. Be3 Be7 9. f4 Qc7 10. Qf3 O-O 11. f5 Nxd4 12. Bxd4 b5 13. a3 Re8 14. O-O e5 15. Bf2 Bb7 16. g4 h6 17. h4 d5 18. g5 hxg5 19. hxg5 Nxe4 20. Nxe4 dxe4 21. Qh5 Bxg5 22. Qxg5 e3 23. f6 1-0

[Event "CYCC U18"]
[Site "Kapuskasing CAN"]
[Date "2004.07.07"]
[Round "4"]
[White "Juma, Sadiq"]
[Black "Morrison, Alex"]
[Result "1/2-1/2"]
[WhiteElo "1746"]
[BlackElo "1366"]
[PlyCount "125"]
[GameId "2160767911096049"]
[EventDate "2004.07.06"]
[EventType "tourn"]
[EventRounds "6"]
[EventCountry "CAN"]
[SourceTitle "EXT 2006"]
[Source "ChessBase"]
[SourceDate "2005.11.24"]
[SourceVersion "1"]
[SourceVersionDate "2005.11.24"]
[SourceQuality "1"]

1. e4 e5 2. Nf3 Nf6 3. Nxe5 Qe7 4. d4 Nxe4 5. Be3 Qb4+ 6. Nd2 Nxd2 7. Qxd2 Qxb2 8. Rc1 Bb4 9. c3 Qxd2+ 10. Bxd2 Bd6 11. Nc4 Be7 12. Bd3 d5 13. Ne3 c6 14. O-O O-O 15. Bf5 Nd7 16. Rfe1 Bg5 17. Nf1 Bxd2 18. Nxd2 Nf6 19. Bxc8 Raxc8 20. Re7 Rb8 21. f3 Rfe8 22. Rce1 Kf8 23. Rxe8+ Rxe8 24. Rxe8+ Nxe8 25. Nb3 b6 26. Kf2 Nd6 27. Nd2 g5 28. Kg3 f5 29. Kf2 Kf7 30. Ke2 a5 31. Kd3 a4 32. c4 Ke6 33. Kc3 c5 34. Kd3 dxc4+ 35. Nxc4 b5 36. Ne3 c4+ 37. Kc3 h5 38. Kb4 f4 39. Nc2 Kd5 40. Kc3 g4 41. Nb4+ Ke6 42. Na6 g3 43. h3 Kd5 44. Nc7+ Kc6 45. Ne6 Ne4+ 46. Kb4 c3 47. Nxf4 c2 48. Ne2 Nf2 49. Kc3 c1=Q+ 50. Nxc1 Nd1+ 51. Kd2 Nf2 52. Ne2 h4 53. Nf4 b4 54. Ng6 Nxh3 55. Nxh4 Nf4 56. Nf5 Nxg2 57. Nxg3 Kd5 58. Ne2 Kc4 59. f4 Nh4 60. Kc2 Nf5 61. Kb2 a3+ 62. Kc2 Ne3+ 63. Kb1 1/2-1/2

[Event "CYCC U18"]
[Site "Kapuskasing CAN"]
[Date "2004.07.07"]
[Round "4"]
[White "Thorvardson, Craig"]
[Black "Leblanc, Ron"]
[Result "1-0"]
[WhiteElo "1875"]
[BlackElo "1849"]
[PlyCount "73"]
[GameId "2160767911096050"]
[EventDate "2004.07.06"]
[EventType "tourn"]
[EventRounds "6"]
[EventCountry "CAN"]
[SourceTitle "EXT 2006"]
[Source "ChessBase"]
[SourceDate "2005.11.24"]
[SourceVersion "1"]
[SourceVersionDate "2005.11.24"]
[SourceQuality "1"]

1. e4 e6 2. d4 d5 3. exd5 exd5 4. c4 Nf6 5. Nc3 Be7 6. Be3 O-O 7. c5 c6 8. Bd3 b6 9. b4 bxc5 10. bxc5 Qa5 11. Bd2 Qc7 12. Nf3 Ba6 13. Qe2 Bxd3 14. Qxd3 Nbd7 15. O-O Rfe8 16. a4 Ne4 17. Rfe1 Nxd2 18. Qxd2 Bf6 19. Rab1 Nf8 20. g3 Rxe1+ 21. Qxe1 Ne6 22. Ne2 Re8 23. Qd2 g6 24. a5 Rb8 25. Rb4 a6 26. Rb6 Ra8 27. Nf4 Nf8 28. Nxd5 cxd5 29. Rxf6 Ne6 30. Ne5 Rf8 31. Nxf7 Rxf7 32. Rxe6 Qd7 33. Rxa6 Qf5 34. Qe1 Qd3 35. Ra8+ Kg7 36. Qe5+ Kh6 37. Qe3+ 1-0

[Event "CYCC U18"]
[Site "Kapuskasing CAN"]
[Date "2004.07.08"]
[Round "5"]
[White "Barber, Glen"]
[Black "Juma, Sadiq"]
[Result "1-0"]
[WhiteElo "2021"]
[BlackElo "1746"]
[PlyCount "67"]
[GameId "2160767911096051"]
[EventDate "2004.07.06"]
[EventType "tourn"]
[EventRounds "6"]
[EventCountry "CAN"]

1. e4 c5 2. Nf3 d6 3. d4 cxd4 4. Nxd4 Nf6 5. Nc3 a6 6. Be3 e5 7. Nb3 Be6 8. f3 Nbd7 9. Qd2 Rc8 10. g4 b5 11. g5 b4 12. Na4 Nh5 13. Bxa6 Rb8 14. c3 bxc3 15. Nxc3 f5 16. exf5 Bxf5 17. O-O-O Qc7 18. f4 Be7 19. Qd5 Nb6 20. Bxb6 Qxb6 21. Bb5+ Kd8 22. fxe5 Bxg5+ 23. Nd2 Bd7 24. exd6 Bxd2+ 25. Rxd2 Nf6 26. Qg5 Bxb5 27. Qxg7 Re8 28. Qxf6+ Kd7 29. Qf7+ Kd8 30. Qf6+ Kd7 31. Qf5+ Kd8 32. Qg5+ Kd7 33. Qg7+ Kd8 34. d7 1-0

[Event "CYCC U18"]
[Site "Kapuskasing CAN"]
[Date "2004.07.08"]
[Round "5"]
[White "McDonald, Jamal"]
[Black "Henry, Liam"]
[Result "0-1"]
[WhiteElo "1100"]
[BlackElo "2151"]
[PlyCount "54"]
[GameId "2160767911096052"]
[EventDate "2004.07.06"]
[EventType "tourn"]
[EventRounds "6"]
[EventCountry "CAN"]
[SourceTitle "EXT 2006"]
[Source "ChessBase"]
[SourceDate "2005.11.24"]
[SourceVersion "1"]
[SourceVersionDate "2005.11.24"]
[SourceQuality "1"]

1. Nf3 Nf6 2. Nc3 c5 3. d3 Nc6 4. Be3 d6 5. d4 cxd4 6. Bxd4 Nxd4 7. Nxd4 a6 8. Nf3 e5 9. e4 Qc7 10. Bd3 Be7 11. O-O O-O 12. Nd5 Nxd5 13. exd5 f5 14. Nd2 e4 15. Bc4 Bg5 16. f4 exf3 17. Rxf3 Bxd2 18. b3 Bg5 19. Rg3 Bf6 20. c3 Be5 21. Rh3 f4 22. g4 fxg3 23. Rh4 Qc5+ 24. Kh1 g2+ 25. Kxg2 Qf2+ 26. Kh1 Qxh4 27. Qe2 Rf2 0-1

[Event "CYCC U18"]
[Site "Kapuskasing CAN"]
[Date "2004.07.08"]
[Round "5"]
[White "Morrison, Alex"]
[Black "Thorvardson, Craig"]
[Result "0-1"]
[WhiteElo "1366"]
[BlackElo "1875"]
[PlyCount "120"]
[GameId "2160767911096053"]
[EventDate "2004.07.06"]
[EventType "tourn"]
[EventRounds "6"]
[EventCountry "CAN"]
[SourceTitle "EXT 2006"]
[Source "ChessBase"]
[SourceDate "2005.11.24"]
[SourceVersion "1"]
[SourceVersionDate "2005.11.24"]
[SourceQuality "1"]

1. e4 c5 2. Bc4 e6 3. d4 cxd4 4. Qxd4 Nc6 5. Qd1 Nf6 6. Nc3 Bb4 7. Bg5 Bxc3+ 8. bxc3 h6 9. Bxf6 Qxf6 10. Ne2 O-O 11. O-O a6 12. Nd4 b5 13. Be2 Bb7 14. Bf3 Rac8 15. Re1 Ne5 16. Re3 Nc4 17. e5 Bxf3 18. Rxf3 Qxe5 19. Rb1 d5 20. Rg3 Nd6 21. f4 Qxf4 22. Qh5 Ne4 23. Rf3 Qg5 24. Qh3 Qd2 25. Rbf1 Ng5 26. Qg4 Nxf3+ 27. Rxf3 Rxc3 28. h4 Rxf3 29. Nxf3 Qxc2 30. Ne5 Qe4 31. Qg3 Rc8 32. Nd7 Qd4+ 33. Kh2 Qc3 34. Qd6 Qc7 35. Qxc7 Rxc7 36. Ne5 Rc2 37. Kg3 Rxa2 38. Kf3 d4 39. Ke4 Re2+ 40. Kxd4 Rxe5 41. Kxe5 b4 42. Kd4 a5 43. Kc4 e5 44. Kb3 e4 45. Ka4 e3 46. Kxa5 e2 47. Kxb4 e1=Q+ 48. Kc4 Qd2 49. g4 Kf8 50. Kc5 Qd3 51. Kb6 Qd5 52. h5 Ke7 53. g5 Kd7 54. gxh6 Qc6+ 55. Ka5 Qb7 56. hxg7 Kc6 57. Ka4 Kc5 58. Ka3 Kc4 59. Ka2 Kc3 60. g8=Q Qb2# 0-1

[Event "CYCC U18"]
[Site "Kapuskasing CAN"]
[Date "2004.07.08"]
[Round "6"]
[White "Juma, Sadiq"]
[Black "McDonald, Jamal"]
[Result "1-0"]
[WhiteElo "1746"]
[BlackElo "1100"]
[PlyCount "85"]
[GameId "2160767911096054"]
[EventDate "2004.07.06"]
[EventType "tourn"]
[EventRounds "6"]
[EventCountry "CAN"]

1. e4 e5 2. Nf3 Nc6 3. Bb5 Bc5 4. O-O Nf6 5. Nc3 O-O 6. Bxc6 dxc6 7. Nxe5 Re8 8. Nd3 Bb6 9. Re1 Bg4 10. Ne2 Nxe4 11. h3 Bh5 12. g4 Qf6 13. Rf1 Rad8 14. Nef4 Rxd3 15. Nxd3 Ng3 16. Re1 Ne4 17. Qe2 h6 18. Kg2 Ng5 19. Qxe8+ Kh7 20. f4 Bg6 21. Qe5 Be4+ 22. Rxe4 Nxe4 23. Qxe4+ g6 24. Qe5 Qe6 25. Qxe6 fxe6 26. Ne5 Bd4 27. c3 Bc5 28. d4 Bd6 29. Bd2 c5 30. Re1 cxd4 31. cxd4 c5 32. Nc4 Be7 33. Rxe6 Bh4 34. Be1 Bd8 35. Rd6 Bc7 36. Rd7+ Kg8 37. Rxc7 Kf8 38. dxc5 b6 39. Bb4 Ke8 40. Nd6+ Kd8 41. Rh7 a5 42. c6 g5 43. c7# 1-0

[Event "CYCC U18"]
[Site "Kapuskasing CAN"]
[Date "2004.07.08"]
[Round "6"]
[White "Thorvardson, Craig"]
[Black "Barber, Glen"]
[Result "0-1"]
[WhiteElo "1875"]
[BlackElo "2020"]
[PlyCount "88"]
[GameId "2160767911096055"]
[EventDate "2004.07.06"]
[EventType "tourn"]
[EventRounds "6"]
[EventCountry "CAN"]
[SourceTitle "EXT 2006"]
[Source "ChessBase"]
[SourceDate "2005.11.24"]
[SourceVersion "1"]
[SourceVersionDate "2005.11.24"]
[SourceQuality "1"]

1. e4 e6 2. d4 d5 3. exd5 exd5 4. c4 Nf6 5. Nc3 Be7 6. Be3 O-O 7. c5 Re8 8. Be2 c6 9. a3 Nbd7 10. b4 Ne4 11. Nxe4 dxe4 12. Bc4 Nf6 13. h3 Nd5 14. Bxd5 Qxd5 15. Ne2 f5 16. O-O Qf7 17. Qc1 Be6 18. Nc3 Rf8 19. Bf4 Rad8 20. Rd1 Bc4 21. Be5 Bd3 22. f3 Qg6 23. Qe3 Bf6 24. Bd6 f4 25. Qf2 e3 26. Qa2+ Rf7 27. Ne2 Bxe2 28. Qxe2 Qf5 29. Qc4 Bh4 30. Ra2 Re8 31. Re2 Bf2+ 32. Kh1 g5 33. d5 h5 34. dxc6 bxc6 35. Qd3 Qe6 36. Kh2 g4 37. Qc2 Bg3+ 38. Kg1 gxf3 39. gxf3 Rg7 40. Rf1 Qxh3 41. Rg2 Bf2+ 42. Rfxf2 exf2+ 43. Qxf2 Re1+ 44. Qxe1 Qxg2# 0-1

[Event "CYCC U18"]
[Site "Kapuskasing CAN"]
[Date "2004.07.09"]
[Round "7"]
[White "Barber, Glen"]
[Black "Leblanc, Ron"]
[Result "0-1"]
[WhiteElo "2021"]
[BlackElo "1849"]
[PlyCount "90"]
[GameId "2160767911096056"]
[EventDate "2004.07.06"]
[EventType "tourn"]
[EventRounds "6"]
[EventCountry "CAN"]

1. d4 e6 2. c4 Nf6 3. Nc3 d5 4. Nf3 c6 5. Bg5 dxc4 6. e4 b5 7. e5 h6 8. Bh4 g5 9. Nxg5 hxg5 10. Bxg5 Nbd7 11. exf6 Bb7 12. g3 c5 13. d5 Qb6 14. Bg2 O-O-O 15. O-O b4 16. Na4 Qb5 17. a3 exd5 18. axb4 cxb4 19. Be3 Nc5 20. Qg4+ Rd7 21. Qg7 Bxg7 22. fxg7 Rg8 23. Nxc5 Rxg7 24. Bd4 f5 25. Nxd7 Rxd7 26. Rxa7 c3 27. bxc3 Qd3 28. Raa1 bxc3 29. Bxc3 d4 30. Bb4 Bxg2 31. Kxg2 Qe4+ 32. Kg1 f4 33. f3 Qe3+ 34. Kg2 d3 35. Rf2 fxg3 36. hxg3 Rh7 37. Rd2 Qd4 38. Rb1 Qd7 39. Rh1 Rxh1 40. Kxh1 Qh3+ 41. Kg1 Qxg3+ 42. Rg2 Qxf3 43. Rg8+ Kb7 44. Rg7+ Kc6 45. Rg6+ Kb5 0-1

[Event "CYCC U18"]
[Site "Kapuskasing CAN"]
[Date "2004.07.09"]
[Round "7"]
[White "Henry, Liam"]
[Black "Juma, Sadiq"]
[Result "1-0"]
[WhiteElo "2150"]
[BlackElo "1745"]
[PlyCount "95"]
[GameId "2160767911096057"]
[EventDate "2004.07.06"]
[EventType "tourn"]
[EventRounds "6"]
[EventCountry "CAN"]
[SourceTitle "EXT 2006"]
[Source "ChessBase"]
[SourceDate "2005.11.24"]
[SourceVersion "1"]
[SourceVersionDate "2005.11.24"]
[SourceQuality "1"]

1. e4 c5 2. Nf3 d6 3. d4 cxd4 4. Nxd4 Nf6 5. Nc3 a6 6. Bc4 e6 7. Bb3 b5 8. O-O Be7 9. Qf3 Qc7 10. Re1 O-O 11. Qg3 Bd7 12. Bh6 Ne8 13. a4 b4 14. Nce2 Nc6 15. Nxc6 Bxc6 16. Nf4 Kh8 17. Bg5 Qb7 18. Bxe7 Qxe7 19. Re3 Nf6 20. Qh4 Nd5 21. Qxe7 Nxe7 22. Rd1 Rfd8 23. h4 Rd7 24. f3 Rad8 25. Red3 a5 26. Kf2 Ng6 27. Nxg6+ hxg6 28. Ke3 Kg8 29. c3 Kf8 30. cxb4 axb4 31. Rd4 d5 32. Rxb4 dxe4 33. Rxd7 Rxd7 34. fxe4 Ke7 35. Rb6 Kd6 36. a5 Kc7 37. Rxc6+ Kxc6 38. Ba4+ Kd6 39. e5+ Kc7 40. Bxd7 Kxd7 41. Kd4 f6 42. b4 Kc6 43. Kc4 Kc7 44. b5 Kb7 45. Kc5 Kc7 46. a6 Kb8 47. Kb6 fxe5 48. a7+ 1-0

[Event "CYCC U18"]
[Site "Kapuskasing CAN"]
[Date "2004.07.09"]
[Round "7"]
[White "McDonald, Jamal"]
[Black "Thorvardson, Craig"]
[Result "0-1"]
[WhiteElo "1100"]
[BlackElo "1875"]
[PlyCount "42"]
[GameId "2160767911096058"]
[EventDate "2004.07.06"]
[EventType "tourn"]
[EventRounds "6"]
[EventCountry "CAN"]

1. e4 c5 2. Bc4 Nc6 3. f4 d6 4. Qh5 g6 5. Qd5 Be6 6. Qd3 Bxc4 7. Qxc4 Bg7 8. Nf3 Nf6 9. Ng5 e6 10. f5 d5 11. exd5 Nxd5 12. Qxc5 Qxg5 13. O-O Bd4+ 14. Qxd4 Nxd4 15. d3 Ne2+ 16. Kh1 Nxc1 17. c4 Ne3 18. Rg1 Ne2 19. g3 Qxf5 20. Nd2 Nxg1 21. Kxg1 Qxd3 0-1

[Event "CYCC U18 w"]
[Site "Kapuskasing CAN"]
[Date "2004.07.06"]
[Round "1"]
[White "Nadeau, Dominique"]
[Black "Xia, Angel"]
[Result "1-0"]
[WhiteElo "1495"]
[BlackElo "1925"]
[PlyCount "101"]
[GameId "2160767911096059"]
[EventDate "2004.07.06"]
[EventType "tourn"]
[EventRounds "4"]
[EventCountry "CAN"]
[SourceTitle "EXT 2006"]
[Source "ChessBase"]
[SourceDate "2005.11.24"]
[SourceVersion "1"]
[SourceVersionDate "2005.11.24"]
[SourceQuality "1"]

1. e4 e5 2. Nf3 Nc6 3. d4 exd4 4. Nxd4 Bc5 5. Nb3 Bb6 6. Nc3 Qf6 7. Qd2 Nge7 8. Qf4 Qxf4 9. Bxf4 d6 10. Bg3 Ne5 11. h3 a6 12. f4 N5g6 13. Bc4 Be3 14. Rf1 b5 15. Bd5 Rb8 16. Rf3 Bb6 17. Nd2 c6 18. Bb3 Bb7 19. a3 O-O 20. O-O-O Kh8 21. Nf1 Rbd8 22. Rfd3 f5 23. Rxd6 Rxd6 24. Rxd6 fxe4 25. Re6 e3 26. Nxe3 Bxe3+ 27. Rxe3 Nf5 28. Rd3 c5 29. Bd5 Bxd5 30. Nxd5 Nxg3 31. Rxg3 Nxf4 32. Nxf4 Rxf4 33. Rf3 Rxf3 34. gxf3 g5 35. Kd2 Kg7 36. Ke3 Kf6 37. Ke4 Ke6 38. c3 c4 39. a4 h5 40. a5 Kf6 41. Kd5 Kf5 42. Kc6 Kf4 43. Kb6 Kxf3 44. Kxa6 g4 45. hxg4 hxg4 46. Kxb5 g3 47. a6 g2 48. a7 g1=Q 49. a8=Q+ Kf4 50. Qd5 Qe3 51. Qd4+ 1-0

[Event "CYCC U18 w"]
[Site "Kapuskasing CAN"]
[Date "2004.07.06"]
[Round "2"]
[White "Xia, Angel"]
[Black "Nadeau, Dominique"]
[Result "1-0"]
[WhiteElo "1925"]
[BlackElo "1495"]
[PlyCount "103"]
[GameId "2160767911096060"]
[EventDate "2004.07.06"]
[EventType "tourn"]
[EventRounds "4"]
[EventCountry "CAN"]
[SourceTitle "EXT 2006"]
[Source "ChessBase"]
[SourceDate "2005.11.24"]
[SourceVersion "1"]
[SourceVersionDate "2005.11.24"]
[SourceQuality "1"]

1. e4 c5 2. Nf3 Nc6 3. d4 cxd4 4. Nxd4 g6 5. Nc3 Bg7 6. Be3 a6 7. Bc4 Ne5 8. Bb3 Qc7 9. Nd5 Qd8 10. Nb5 Qa5+ 11. Nbc3 Kf8 12. Bb6 Nd3+ 13. Qxd3 Bxc3+ 14. bxc3 Qb5 15. Qxb5 axb5 16. Nc7 Ra6 17. Nxa6 bxa6 18. Bd4 f6 19. e5 Bb7 20. O-O h5 21. a4 Bc6 22. c4 h4 23. cxb5 axb5 24. axb5 Bxb5 25. Rfb1 Bc6 26. h3 Rh5 27. Bc4 Nh6 28. exf6 e6 29. Rb8+ Kf7 30. Rh8 Nf5 31. Rxh5 gxh5 32. Be5 Kg6 33. Bd3 Kf7 34. Bxf5 exf5 35. Re1 Be4 36. c4 Bd3 37. c5 Bc4 38. Bc3 Be6 39. Kh2 f4 40. Re4 f3 41. gxf3 Bf5 42. Re7+ Kf8 43. Be5 Be6 44. Bd6 Kg8 45. Rxe6 dxe6 46. c6 e5 47. c7 e4 48. c8=Q+ Kf7 49. fxe4 Kg6 50. Qg8+ Kxf6 51. Qf8+ Ke6 52. Qe7# 1-0

[Event "CYCC U18 w"]
[Site "Kapuskasing CAN"]
[Date "2004.07.07"]
[Round "3"]
[White "Nadeau, Dominique"]
[Black "Xia, Angel"]
[Result "0-1"]
[WhiteElo "1495"]
[BlackElo "1925"]
[PlyCount "150"]
[GameId "2160767911096061"]
[EventDate "2004.07.06"]
[EventType "tourn"]
[EventRounds "4"]
[EventCountry "CAN"]

1. e4 c5 2. Nf3 d6 3. d4 cxd4 4. Nxd4 Nf6 5. Nc3 Nc6 6. Bc4 e6 7. O-O Be7 8. Be3 a6 9. Qe2 Qc7 10. Rad1 Nxd4 11. Bxd4 b5 12. Bb3 Bb7 13. e5 Qc6 14. f3 dxe5 15. Bxe5 O-O 16. Kh1 Nd7 17. Bg3 Nc5 18. Bd5 exd5 19. Qxe7 Rad8 20. Qc7 Qxc7 21. Bxc7 Rc8 22. Ba5 Ne6 23. Nxd5 Rxc2 24. Ne7+ Kh8 25. Rd2 Rxd2 26. Bxd2 g6 27. Re1 Nc5 28. Bh6 Ra8 29. Bg5 Kg7 30. Bd2 a5 31. Bc3+ Kf8 32. Re5 b4 33. Bd4 Ne6 34. Rb5 Ba6 35. Rxa5 Nxd4 36. Nd5 Nc6 37. Ra4 Bb7 38. Rxa8+ Bxa8 39. Kg1 f5 40. Kf2 Bb7 41. Ke3 Kf7 42. Kf4 Bc8 43. a3 b3 44. Nb6 Be6 45. h3 Kf6 46. h4 Na5 47. Ke3 Nc4+ 48. Nxc4 Bxc4 49. Kd4 Be6 50. a4 g5 51. hxg5+ Kxg5 52. Ke5 Bc8 53. a5 f4 54. Ke4 Ba6 55. Ke5 Bf1 56. Ke4 h5 57. Ke5 Bxg2 58. Ke4 Bf1 59. Kd4 h4 60. Kc3 h3 61. Kxb3 h2 62. Ka4 h1=Q 63. b4 Qxf3 64. b5 Bxb5+ 65. Kxb5 Qb7+ 66. Kc5 f3 67. Kc4 f2 68. Kc5 f1=R 69. a6 Qxa6 70. Kb4 Rf5 71. Kb3 Rf4 72. Kc3 Qa3+ 73. Kd2 Rf2+ 74. Ke1 Rb2 75. Kd1 Qa1# 0-1

[Event "CYCC U18 w"]
[Site "Kapuskasing CAN"]
[Date "2004.07.07"]
[Round "4"]
[White "Xia, Angel"]
[Black "Nadeau, Dominique"]
[Result "1-0"]
[WhiteElo "1925"]
[BlackElo "1495"]
[PlyCount "61"]
[GameId "2160767911096062"]
[EventDate "2004.07.06"]
[EventType "tourn"]
[EventRounds "4"]
[EventCountry "CAN"]
[SourceTitle "EXT 2006"]
[Source "ChessBase"]
[SourceDate "2005.11.24"]
[SourceVersion "1"]
[SourceVersionDate "2005.11.24"]
[SourceQuality "1"]

1. e4 e5 2. Nf3 Nc6 3. Bb5 d6 4. d4 Bd7 5. O-O exd4 6. Nxd4 Nxd4 7. Bxd7+ Qxd7 8. Qxd4 Qc6 9. Nc3 Qb6 10. Qd3 Ne7 11. Be3 Qc6 12. a4 a6 13. b4 Ng6 14. f4 Be7 15. Nd5 O-O 16. f5 Bd8 17. fxg6 hxg6 18. Bd4 Qd7 19. Bb2 c6 20. Qd4 f6 21. Nf4 b5 22. Nxg6 Re8 23. axb5 Rb8 24. Kh1 Rxb5 25. Rxa6 Qg4 26. Nf4 Rbe5 27. Qxd6 Rxe4 28. Raa1 Be7 29. Qxc6 Bxb4 30. Ra8 Kf8 31. Qxe4 1-0

[Event "Calgary CC June op"]
[Site "Calgary CAN"]
[Date "2004.06.08"]
[Round "3"]
[White "Watson, Walter"]
[Black "Nguyen, Kim"]
[Result "1/2-1/2"]
[WhiteElo "1992"]
[BlackElo "2075"]
[PlyCount "72"]
[GameId "2160767911145714"]
[EventDate "2004.05.25"]
[EventType "swiss"]
[EventRounds "5"]
[EventCountry "CAN"]

1. d4 Nf6 2. c4 g6 3. f3 Bg7 4. e4 d6 5. Nc3 O-O 6. Be3 Nc6 7. Qd2 a6 8. a3 Re8 9. Nge2 b5 10. cxb5 axb5 11. Nxb5 Ba6 12. Nc1 Qb8 13. a4 Qb7 14. Be2 Na7 15. Nxc7 Qxc7 16. Bxa6 Reb8 17. Be2 Qb7 18. Rb1 Nc6 19. Bb5 Na7 20. Bd3 Nc6 21. b3 Nd7 22. d5 Qb4 23. Qxb4 Nxb4 24. Bb5 Nc2+ 25. Kd2 Na3 26. Ne2 Nxb5 27. axb5 Ra2+ 28. Ke1 Nc5 29. b4 Na4 30. Nd4 Bxd4 31. Bxd4 Nc5 32. Bxc5 dxc5 33. g4 Rb6 34. d6 Ra5 35. e5 Ra4 36. e6 g5 1/2-1/2

[Event "Calgary CC June op"]
[Site "Calgary CAN"]
[Date "2004.06.15"]
[Round "4"]
[White "Diaz, Abner"]
[Black "Watson, Walter"]
[Result "1-0"]
[WhiteElo "1754"]
[BlackElo "1992"]
[PlyCount "112"]
[GameId "2160767911145715"]
[EventDate "2004.05.25"]
[EventType "swiss"]
[EventRounds "5"]
[EventCountry "CAN"]

1. e4 e6 2. f4 d5 3. Qe2 dxe4 4. Qxe4 Nf6 5. Qe2 b6 6. Nf3 Bc5 7. a3 a5 8. Nc3 Bb7 9. Rb1 O-O 10. g3 Nc6 11. Bg2 Nd4 12. Nxd4 Bxg2 13. Qxg2 Qxd4 14. d3 Rfe8 15. Ne2 Qd6 16. h3 e5 17. fxe5 Qxe5 18. Bf4 Qe7 19. Kd1 Nd5 20. Bd2 Be3 21. Qf3 Bxd2 22. Kxd2 Ne3 23. Rbe1 Qc5 24. Nc3 Rad8 25. Kc1 Nf5 26. Rhf1 Rxe1+ 27. Rxe1 Nd6 28. Nd5 Kf8 29. Rf1 Re8 30. g4 c6 31. Nc7 Qe3+ 32. Qxe3 Rxe3 33. Na6 Rxh3 34. Nb8 Rg3 35. Rf4 Ke7 36. Nxc6+ Ke6 37. a4 Kd5 38. Nb8 Ke5 39. Rf2 Kd4 40. Kd2 Rxg4 41. Nd7 h5 42. c3+ Kd5 43. c4+ Ke6 44. Nxb6 h4 45. Nd5 g5 46. Kc3 Nf5 47. Nc7+ Ke5 48. c5 Rxa4 49. Re2+ Kf4 50. Nd5+ Kg4 51. Nf6+ Kf4 52. c6 Ra1 53. Kc2 Re1 54. c7 Kg3 55. Rf2 h3 56. Rf1 g4 1-0

[Event "Calgary CC June op"]
[Site "Calgary CAN"]
[Date "2004.06.22"]
[Round "5"]
[White "Watson, Walter"]
[Black "Milne, Arthur"]
[Result "1/2-1/2"]
[WhiteElo "1992"]
[BlackElo "1845"]
[PlyCount "59"]
[GameId "2160767911145716"]
[EventDate "2004.05.25"]
[EventType "swiss"]
[EventRounds "5"]
[EventCountry "CAN"]

1. e4 c5 2. c4 e6 3. Nc3 a6 4. g3 Nc6 5. Bg2 g6 6. Nge2 Bg7 7. O-O Nge7 8. d3 O-O 9. Be3 Nd4 10. Rb1 Nec6 11. a3 d6 12. Kh1 Rb8 13. b4 b6 14. f4 Bb7 15. b5 Nxe2 16. Nxe2 axb5 17. Rxb5 Nd4 18. Nxd4 cxd4 19. Bc1 Bc6 20. Rb4 b5 21. Qb3 bxc4 22. Qxc4 Qd7 23. Bb2 Bb5 24. Qb3 Ba4 25. Qc4 Bb5 26. Qc2 Qa7 27. Rc1 h5 28. Ba1 Qxa3 29. Bxd4 Bxd3 30. Kg1 1/2-1/2

[Event "Calgary op"]
[Site "Calgary CAN"]
[Date "2004.10.09"]
[Round "1"]
[White "Pivovarov, Juraj"]
[Black "Boik, Andrew"]
[Result "0-1"]
[WhiteElo "1639"]
[BlackElo "2096"]
[PlyCount "48"]
[GameId "2160767911061117"]
[EventDate "2004.10.??"]
[EventType "swiss"]
[EventRounds "6"]
[EventCountry "CAN"]
[SourceTitle "EXT 2006"]
[Source "ChessBase"]
[SourceDate "2005.11.24"]
[SourceVersion "1"]
[SourceVersionDate "2005.11.24"]
[SourceQuality "1"]

1. c4 e5 2. Nc3 Nc6 3. g3 g6 4. Bg2 Bg7 5. Nf3 d6 6. e3 f5 7. d4 e4 8. Nd2 Nf6 9. a3 O-O 10. b4 Kh8 11. Bb2 Ne7 12. O-O c6 13. a4 a5 14. Qb3 axb4 15. Qxb4 d5 16. Ba3 Re8 17. c5 g5 18. Rab1 f4 19. Qb2 f3 20. Bh1 Qd7 21. Qc2 Qh3 22. Rfc1 Ng4 23. Nf1 Nf5 24. Nd1 Re6 0-1

[Event "Calgary op"]
[Site "Calgary CAN"]
[Date "2004.10.09"]
[Round "2"]
[White "Kaminski, Richard"]
[Black "Pivovarov, Juraj"]
[Result "0-1"]
[WhiteElo "1354"]
[BlackElo "1639"]
[PlyCount "74"]
[GameId "2160767911061118"]
[EventDate "2004.10.??"]
[EventType "swiss"]
[EventRounds "6"]
[EventCountry "CAN"]
[SourceTitle "EXT 2006"]
[Source "ChessBase"]
[SourceDate "2005.11.24"]
[SourceVersion "1"]
[SourceVersionDate "2005.11.24"]
[SourceQuality "1"]

1. d4 Nf6 2. c4 g6 3. Nc3 d5 4. e3 Bg7 5. Nf3 O-O 6. Bd3 c5 7. dxc5 Qa5 8. O-O dxc4 9. Bxc4 Qxc5 10. Qb3 a6 11. Na4 Qc7 12. Nb6 Ra7 13. Bd2 Nc6 14. Rac1 Ne4 15. Nd5 Nxd2 16. Nxd2 Qe5 17. Rc3 b5 18. Nf3 Qd6 19. Rd1 Na5 20. Nf4 Nxb3 21. Rxd6 bxc4 22. axb3 Bxc3 23. Rc6 Rd8 24. h3 Bxb2 25. Rxc4 Rb7 26. b4 Ba3 27. Rc6 Rxb4 28. Nd5 Rb1+ 29. Kh2 Bd6+ 30. g3 Bb7 31. Rxd6 Rxd6 32. Nc3 Bxf3 33. Nxb1 Rd1 34. g4 Rxb1 35. Kg3 Bc6 36. f3 a5 37. Kf4 f6 0-1

[Event "Calgary op"]
[Site "Calgary CAN"]
[Date "2004.10.10"]
[Round "3"]
[White "Pivovarov, Juraj"]
[Black "Dinca, Cornelia"]
[Result "0-1"]
[WhiteElo "1639"]
[BlackElo "1788"]
[PlyCount "46"]
[GameId "2160767911061119"]
[EventDate "2004.10.??"]
[EventType "swiss"]
[EventRounds "6"]
[EventCountry "CAN"]
[SourceTitle "EXT 2006"]
[Source "ChessBase"]
[SourceDate "2005.11.24"]
[SourceVersion "1"]
[SourceVersionDate "2005.11.24"]
[SourceQuality "1"]

1. c4 f5 2. g3 Nf6 3. Bg2 e5 4. Nc3 Nc6 5. a3 a5 6. d3 d6 7. b3 Bd7 8. Bb2 g6 9. e3 Bg7 10. Nge2 O-O 11. Qd2 Ne7 12. Nb5 Bc6 13. Bxc6 bxc6 14. Nbc3 Rb8 15. Qc2 Qc8 16. Na4 Qe6 17. Bc3 f4 18. Bxa5 fxe3 19. f3 Rb7 20. Rb1 Qh3 21. Nec3 Nf5 22. Rf1 Nd4 23. Qd1 Ng4 0-1